000 00695nam a2200289Ia 4500
005 20260324142307.0
008 008 260324s9999 xx 000 0 eng d
020 _a9781315832586
037 _aEBOOK
040 _aCRL
040 _beng
040 _cCRL
041 _2eng
041 _aeng
084 _qCRL
100 _aHeather Viles; Tom Spencer
_91211422
245 0 _aCoastal Problems
245 0 _bGeomorphology, Ecology and Society at the Coast
260 _bTaylor and Francis
260 _c1995
365 _a
365 _b230
856 _uhttp://www.taylorfrancis.com/books/9781315832586
942 _cEBOOK
999 _c1815415
_d1815415